[Event "Hamedan op"]
[Site "Hamedan"]
[Date "2017.08.15"]
[Round "5"]
[White "Khamisi, S Jafar"]
[Black "Khadem Erfani, Sobhan"]
[Result "0-1"]
[WhiteElo "2193"]
[BlackElo "2045"]
[PlyCount "120"]
[EventDate "2017.08.12"]
[EventType "swiss"]
[EventRounds "11"]
[EventCountry "IRI"]
[SourceTitle "CBM 180 Extra"]
[Source "ChessBase"]
[SourceDate "2017.10.06"]
[SourceVersion "1"]
[SourceVersionDate "2017.10.06"]
[SourceQuality "1"]

1. Nf3 c5 2. e4 g6 3. d4 cxd4 4. Nxd4 Nc6 5. Nc3 Bg7 6. Nde2 Nf6 7. g3 0-0 8. Bg2 d6 9. h3 Bd7 10. 0-0 Rc8 11. Nd5 Ne5 12. Re1 Re8 13. c3 Nc4 14. b3 Nb6 15. Be3 Bc6 16. Rc1 e6 17. Nxf6+ Bxf6 18. c4 Qe7 19. Qd2 Rcd8 20. Nd4 Qf8 21. Qa5 Bxd4 22. Bxd4 Nd7 23. Rcd1 b6 24. Qg5 e5 25. Bb2 f6 26. Qe3 Nc5 27. b4 Ne6 28. Rd2 Rd7 29. Red1 Ba4 30. Rc1 Bc6 31. Qb3 Kg7 32. Rcd1 Qe7 33. h4 Red8 34. a3 Rc7 35. Rc1 Qe8 36. Qe3 Qe7 37. f4 Rcd7 38. Rf1 Rf8 39. Rdf2 Rdd8 40. f5 Nd4 41. Rd2 gxf5 42. exf5 Bxg2 43. Rxg2 Nc6 44. Qe4 Qc7 45. g4 Kh8 46. g5 Ne7 47. g6 hxg6 48. fxg6 Kg7 49. h5 Rh8 50. Rxf6 Kxf6 51. Rf2+ Kg7 52. Bc1 Rxh5 53. Qg4 Rf5 54. Rxf5 Nxf5 55. Qxf5 Qxc4 56. Qg5 Qd4+ 57. Be3 Qd1+ 58. Kg2 Qc2+ 59. Kf1 Rf8+ 60. Ke1 Qxg6 0-1